Lionesses Squad - Euros 2022 - Statistics

General Stats
  • This quiz has been taken 1,205 times
    79 since last reset
  • The average score is 18 of 24
Answer Stats
Position # Answer % Correct
Forward 23 Alessia Russo
96%
Defender 2 Lucy Bronze
90%
Goalkeeper 1 Mary Earps
90%
Forward 7 Beth Mead
88%
Midfielder 20 Ella Toone
88%
Defender 8 Leah Williamson
88%
Forward 18 Chloe Kelly
84%
Midfielder 10 Georgia Stanway
84%
Goalkeeper 13 Hannah Hampton
84%
Midfielder 16 Jill Scott
84%
Defender 6 Millie Bright
82%
Midfielder 4 Keira Walsh
80%
Defender 5 Alex Greenwood
78%
Forward 9 Ellen White
78%
Forward 11 Lauren Hemp
78%
Defender 12 Jess Carter
69%
Defender 3 Rachel Daly
69%
Goalkeeper 21 Ellie Roebuck
67%
Defender 22 Lotte Wubben-Moy
67%
Manager Sarina Wiegman
63%
Forward 17 Nikita Parris
55%
Forward 19 Bethany England
51%
Midfielder 14 Fran Kirby
51%
Defender 15 Demi Stokes
47%
No matching quizzes found
Score Distribution
Percent of People with Each Score
Percentile by Number Answered
Your Score History
You have not taken this quiz since the last reset